Kto jest Iglem (CS2) - Statystyki

Ogólne statystyki
  • Ten quiz został rozwiązany 290 razy
  • Średni wynik to 11 z 24
Statystyki odpowiedzi
Hint Odpowiedź % Poprawnych
FaZe karrigan
97%
Team Vitality apEX
94%
GamerLegion Snax
93%
Team Spirit chopper
90%
MOUZ siuhy
88%
Natus Vincere Aleksib
87%
G2 Esports HooXi
77%
ENCE gla1ve
71%
Virtus.pro Jame
70%
Eternal Fire MAJ3R
59%
Complexity JT
42%
Cloud9 Boombl4
39%
HEROIC kyxsan
39%
The MongolZ bLitz
36%
SAW MUTiRiS
29%
paIN biguzera
26%
FURIA arT
24%
Imperial VINI
16%
KOI dav1g
11%
Apeks sense
11%
ECSTATIC Patti
9%
AMKAL NickelBack
6%
Lynn Vision westmelon
6%
Legacy NEKIZ
4%
Nie znaleziono quizów pasujących do podanych kryteriów
Rozkład punktacji
Procent ludzi z każdym wynikiem
Percentyl według liczby udzielonych odpowiedzi
Twoja historia wyników
Nie rozwiązałeś tego quizu